Statistiken für Äquatorländer

Klicken Sie hier um das Quiz zu spielen!

Allgemein

  • Dieses Quiz wurde 1,789 mal gespielt
  • Das Durchschnittsergebnis liegt bei 8 aus 11

Antwortstatistiken

Land % Korrekt
Brasilien
93%
D.R. Kongo
90%
Republik Kongo
90%
Ecuador
87%
Indonesien
86%
Kolumbien
77%
Kenia
76%
Uganda
62%
Gabun
60%
Somalia
58%
São Tomé und Príncipe
33%

Verteilung der Resultate

Perzentil nach korrekt beantworteten Fragen

Anzahl Personen mit jedem Resultat

Ihre Resultats-Entwicklung

Sie haben dieses Quiz noch nicht gespielt